| 000 | 00897nam a22002297a 4500 | ||
|---|---|---|---|
| 999 |
_c16976 _d16976 |
||
| 003 | AR-CdUCM | ||
| 008 | 190507b ||||| |||| 00| 0 spa d | ||
| 040 |
_aMUNICIPALIDAD PROVINCIAL DEL CUSCO _cBIBLIOTECA MUNICIPAL DEL CUSCO |
||
| 082 |
_a973 / _bEU87 |
||
| 100 |
_aEugene Davis, Harold _936760 |
||
| 245 |
_aLos Estados Unidos en la Historia : _bdesarrollo histórico en su pueblo y su significado / |
||
| 260 |
_aMexico : _bUteha, _c1967. |
||
| 300 |
_a150 páginas ; _c18 cm. |
||
| 440 |
_aManuales Uteha _n353 _936761 |
||
| 505 | _aDescubrimiento y colonización -- la constitución política -- El avance hacia el oeste -- La guerra civil (1861-1865)... | ||
| 650 |
_aHistoria. _9136 |
||
| 650 |
_aEstados Unidos. _91805 |
||
| 650 |
_aDesarrollo Estados Unidos. _936762 |
||
| 700 |
_aTrejo de Hernandez, Luz Maria (traductora) _936763 |
||
| 942 |
_2ddc _cLIBROS |
||
| 945 |
_awfj _d2019-05-07 |
||